| 000 | 01170 a2200217 4500 | ||
|---|---|---|---|
| 001 | 54794 | ||
| 005 | 20260407155824.0 | ||
| 008 | 260407a1967 arg spa d | ||
| 003 | AR-UNSa-BCEJYS | ||
| 040 |
_aAR-UNSa-BCEJYS _bspa _cAR-UNSa-BCEJYS |
||
| 080 |
_a316.74:65 _xSociología de la Organización |
||
| 245 | 1 | 0 | _aLa sociología en las instituciones |
| 264 | 1 |
_aBuenos Aires : _bPaidós _c1967 |
|
| 300 |
_a263 p. _c22 cm. |
||
| 505 | _a1. Dirección de empresas,por Abraham Zaleznik,Anne Jardim - 2. La institución militar,por Raymond V. Bowers - 3. La sociología y la custodia de las leyes,por David J. Bordua,Albert J. Reiss - 4. La dirección de los establecimientos educacionales,por Neal Gross,Joshua A. Fishman - 5. El consumidor,por Charles Y. Glock,Francesco M. Nicosia - 6. La política exterior,por W. Philips Davison - 7. La administración pública: Cuatro casos tomados de Israel y Holanda,por Yehezkel Dror - 8. Los partidos políticos y las encuestas electorales,por Mark Abrams | ||
| 942 | _cBK | ||
| 590 | _aniveau_biblio:m niveau_hierar:0 | ||
| 100 | 1 | _aLazarsfeld, Paul F. | |
| 700 | 1 | _aSewell, William H. | |
| 700 | 1 | _aWilensky, Harold L. | |
| 999 |
_c5810 _d5810 |
||